Reforming adjudication (Record no. 79285)
[ view plain ]
| 000 -LEADER | |
|---|---|
| fixed length control field | 01184cab a22002055a 4500 |
| 001 - CONTROL NUMBER | |
| control field | L140494 |
| 008 - FIXED-LENGTH DATA ELEMENTS--GENERAL INFORMATION | |
| fixed length control field | 070925e20070920xxk f 000 0 eng d |
| 035 ## - SYSTEM CONTROL NUMBER | |
| System control number | (Sirsi) u140494 |
| 041 0# - LANGUAGE CODE | |
| Language code of text/sound track or separate title | eng |
| 100 1# - MAIN ENTRY--PERSONAL NAME | |
| Personal name | Klein, Rudi |
| 245 00 - TITLE STATEMENT | |
| Title | Reforming adjudication |
| 260 ## - PUBLICATION, DISTRIBUTION, ETC. | |
| Date of publication, distribution, etc. | 2007 |
| 490 #0 - SERIES STATEMENT | |
| Series statement | Construction News |
| Volume/sequential designation | (7036) 20 September 2007, 31(1) |
| 520 ## - SUMMARY, ETC. | |
| Summary, etc. | Examines government proposals (L138559) outlining changes to the adjudication process. Discusses the increasing costs involved in adjudication and looks at proposals for a statutory framework to deal with this. The framework includes the proposal to outlaw contract clauses stating that decisions as to the amount of interim payments will be conclusive. Argues that this will have little benefit as it will not affect the final payment. In addition, suggests that government's proposals may actually increase the costs of adjudication. |
| 590 ## - LOCAL NOTE (RLIN) | |
| Local note | KA |
| 650 24 - SUBJECT ADDED ENTRY--TOPICAL TERM | |
| Topical term or geographic name entry element | HOUSING GRANTS CONSTRUCTION AND REGENERATION ACT PART II |
| 651 #4 - SUBJECT ADDED ENTRY--GEOGRAPHIC NAME | |
| Geographic name | Great Britain |
| Chronological subdivision | 1707- |
| 690 ## - LOCAL SUBJECT ADDED ENTRY--TOPICAL TERM (OCLC, RLIN) | |
| Topical term or geographic name as entry element | MANAGEMENT-DISPUTE AVOIDANCE, MANAGEMENT AND RESOLUTION-DISPUTE MANAGEMENT AND RESOLUTION-ALTERNATIVE DISPUTE RESOLUTION-ADJUDICATION |
| 942 ## - ADDED ENTRY ELEMENTS (KOHA) | |
| Suppress in OPAC | 0 |
| Withdrawn status | Lost status | Source of classification or shelving scheme | Damaged status | Not for loan | Home library | Current library | Shelving location | Date acquired | Total Checkouts | Full call number | Barcode | Date last seen | Copy number | Price effective from | Koha item type |
|---|---|---|---|---|---|---|---|---|---|---|---|---|---|---|---|
| Dewey Decimal Classification | London | London | Journal article | 25/09/2007 | L140494 | 140494-1001 | 06/08/2019 | 1 | 06/08/2019 | Journal article |